LEADER 01113cam1-22003611i-450- 001 990005404150203316 005 20151005095803.0 035 $a000540415 035 $aUSA01000540415 035 $a(ALEPH)000540415USA01 035 $a000540415 100 $a20110519f---0---9---|0itac50------ba 101 $aita 102 $aIT 105 $a|||| ||||| 200 1 $a<> misura d'uomo$eantologia della letteratura italiana con storia letteraria e apparato critico e linguistico$fGabriele Di Giammarino, Mario Ticconi 210 $aNapoli$cLoffredo 215 $avolumi$d24 cm 463 \1$1001990005417960203316$12001 $a<<3:>> <>Ottocento 606 $aLetteratura italiana$xAntologie$2BNCF 676 $a858 700 1$aTICCONI,$bMario$0558936 701 1$aDI GIAMMARINO,$bGabriele$0558935 801 $aIT$bSOL$c20120104 912 $a990005404150203316 951 $aXV.9.M. 1356/$bMAR$cXV.9.M. 951 $aMAR 959 $aBK 969 $aDISES 979 $c20121027$lUSA01$h1531 979 $aIANNONE$b90$c20151005$lUSA01$h0958 996 $aMisura d'uomo$91141571 997 $aUNISA LEADER 01040nam0-22002891i-450- 001 990006418670403321 035 $a000641867 035 $aFED01000641867 035 $a(Aleph)000641867FED01 035 $a000641867 100 $a20001027d1888----km-y0itay50------ba 101 0 $aITA 102 $aIT 105 $a----a---001yy 200 1 $aRassegna di opere storiche e storico-giuridiche$epubblicate per l'ottavo centenario dello Studio bolognese con speciale riguardo a quelle che si riferiscono alle origini dello Studio stesso$fAlberto Del Vecchio 210 $aFirenze$cDirezione dell'Archivio storico italiano$d1888 215 $a63 p.$d22 cm 300 $aEstratto dall' "Archivio Storico Italiano". Serie 5., Tomo 2., Anno 1888 676 $a016$v20$zit 700 1$aDel Vecchio,$bAlberto$0158125 801 0$aIT$bUNINA$gRICA$2UNIMARC 901 $aBK 912 $a990006418670403321 952 $aAnt. 67 A$b569 ddr$fDDR 959 $aDDR 996 $aRassegna di opere storiche e storico-giuridiche$9649500 997 $aUNINA